00511nam a22001577a 450000500170000001000150001702000110003203500140004303700130005708200120007010000310008224500800011326000590019327000750025230000260032720171027145953.0 aENG-120935 c200.00 aEN-104467 bDBAD/PUB a133.333 aChowdhary, Thimmaiah Golla aControlling of the five elements is vaasthu /cby Golla Thimmaiah Chowdhary aAnantapuramubGolla Thimmaiah chowdhary (Author)c2015 aD.No. 6-3-149, Flat NO. 204, Comfort Residency, RamnagarbAnantapuramu axxxv,283p.c22cm(pbk)